Mariology (Record no. 3219)

MARC details
000 -LEADER
fixed length control field 00600nam a2200229 a 4500
020 ## - INTERNATIONAL STANDARD BOOK NUMBER
ISBN
082 00 - DEWEY DECIMAL CLASSIFICATION NUMBER
Classification number 232.91
Author Cutter POH
100 ## - MAIN ENTRY--AUTHOR NAME
Author name Pohle, Msgr Joseph
245 ## - TITLE STATEMENT
Title Mariology
Sub title Dogmatic Treatise on the Blessed Virgin Mary, Mother of God
260 ## - PUBLICATION, DISTRIBUTION, ETC. (IMPRINT)
Place of publication London
Name of publisher B. Herder Book Company
Year of publication 1948
300 ## - PHYSICAL DESCRIPTION
Number of Pages 185p
500 ## - GENERAL NOTE
General note includes index and biblioraphy
505 2# - FORMATTED CONTENTS NOTE
Formatted contents note Appendex
650 ## - SUBJECT ADDED ENTRY--TOPICAL TERM
Topical Term Mary-Blessed Virgin
942 ## - ADDED ENTRY ELEMENTS (KOHA)
Koha item type Books
Holdings
Home library Current library Date acquired Cost, normal purchase price Full call number Accession Number Koha item type
Henry Martyn Institute Library Henry Martyn Institute Library 06/19/2007 100.00 232.91 POH 8358 Archive Book
                   Copyright © 2026 | Henry Martyn Institute | Hyderabad | TS-500052 | INDIA | Implemented by hmi.edu.in
Hit-Count:

Powered by Koha